|
|
|
|
| LEADER |
00000nab#a22000007a#4500 |
| 001 |
arbauad016658 |
| 003 |
AR-BaUAD |
| 005 |
20250711111521.0 |
| 008 |
960215|||||||||###||||||b###|0###a|spa|| |
| 040 |
|
|
|a AR-BaUAD
|c AR-BaUAD
|b spa
|
| 100 |
|
|
|a Vitta, Maurizio
|
| 245 |
|
|
|a La perfomance tecnologica /
|c Maurizio Vitta;
|
| 300 |
0 |
|
|b fot., plantas, vistas, cortes
|
| 500 |
|
|
|a Pabellón francés de Expo'92 de Sevilla.
|
| 653 |
|
|
|a ESPAÑA
|
| 653 |
|
|
|a SEVILLA
|
| 653 |
|
|
|a EXPOSICIONES
|
| 653 |
|
|
|a VIGUIER, JEAN PAUL
|
| 653 |
|
|
|a JODRY, JEAN FRANÇOIS
|
| 653 |
|
|
|a SEIGNEUR, FRANÇOIS
|
| 653 |
|
|
|a PABELLONES
|
| 773 |
0 |
|
|t L'arca
|g no. 69 [mar. 1993], p. 10-15
|
| 942 |
|
|
|c ARTI
|
| 952 |
|
|
|0 0
|1 0
|4 0
|7 0
|9 61578
|a AR-BAuAD
|b AR-BAuAD
|d 2025-07-11
|l 0
|p AAQA016658
|r 2025-07-11 11:15:21
|w 2025-07-11
|y ARTI
|
| 990 |
|
|
|a AQ199
|b TD
|
| 998 |
|
|
|a AAQ
|b BIBUN76
|
| 999 |
|
|
|c 41251
|d 41251
|